[Event "GRE-chT 46th"]
[Site "Rio Achaia"]
[Date "2018.07.11"]
[Round "3.14"]
[White "Fragou, Maria V"]
[Black "Georgitsi, Antigoni"]
[Result "1/2-1/2"]
[WhiteElo "1427"]
[BlackElo "1811"]
[PlyCount "137"]
[EventDate "2018.07.10"]
[EventType "team"]
[EventRounds "7"]
[EventCountry "GRE"]
[SourceTitle "CBM 185 Extra"]
[Source "ChessBase"]
[SourceDate "2018.07.29"]
[SourceVersion "1"]
[SourceVersionDate "2018.07.29"]
[SourceQuality "1"]
[WhiteTeam "Kalamata Poseidon"]
[BlackTeam "So Thomas Georgiou"]
[WhiteTeamCountry "GRE"]
[BlackTeamCountry "GRE"]

1. e4 e5 2. Nf3 Nc6 3. Bc4 Nf6 4. d3 h6 5. 0-0 d6 6. c3 g6 7. d4 Qe7 8. Re1 Bg7 9. Nbd2 0-0 10. h3 Re8 11. Bb3 Nh5 12. Nf1 Qf6 13. Ne3 Nf4 14. Nd5 Nxd5 15. exd5 Nb8 16. dxe5 dxe5 17. Be3 Bf5 18. Bc2 Nd7 19. Qd2 Kh7 20. Nh2 Rad8 21. Qe2 Bxc2 22. Qxc2 Qd6 23. Rad1 f5 24. f3 Nf6 25. c4 e4 26. f4 Qe7 27. Qd2 Nd7 28. b4 a5 29. a3 axb4 30. axb4 Ra8 31. Nf1 Ra3 32. Rc1 Rd3 33. Qa2 Qxb4 34. Rb1 Qc3 35. Rec1 Qf6 36. Rxb7 Qd6 37. Qa5 c6 38. dxc6 Qxc6 39. Qb5 Qxb5 40. cxb5 Rb8 41. Rxb8 Nxb8 42. Rc7 Nd7 43. b6 Rxe3 44. Nxe3 Nxb6 45. Rb7 Na4 46. Nd5 Kh8 47. Kf1 Nc5 48. Rb6 g5 49. fxg5 hxg5 50. Rg6 Nd3 51. Rxg5 f4 52. Ne7 Bf6 53. Ng6+ Kh7 54. Rg4 f3 55. gxf3 exf3 56. h4 Ne5 57. Nxe5 Bxe5 58. Kf2 Kh6 59. Kxf3 Bf6 60. Rf4 Be5 61. Re4 Bc3 62. Kg4 Bd2 63. h5 Bc1 64. Re6+ Kh7 65. Re7+ Kh6 66. Rc7 Bd2 67. Kf5 Be3 68. Rc8 Bd4 69. Rc7 1/2-1/2

[Event "GRE-ch U20 Girls"]
[Site "Chania"]
[Date "2018.04.13"]
[Round "6"]
[White "Karavitaki, Evaggelia"]
[Black "Georgitsi, Antigoni"]
[Result "0-1"]
[WhiteElo "1733"]
[BlackElo "1798"]
[PlyCount "98"]
[EventDate "2018.04.10"]
[EventType "swiss"]
[EventRounds "9"]
[EventCountry "GRE"]
[SourceTitle "CBM 184 Extra"]
[Source "ChessBase"]
[SourceDate "2018.06.28"]
[SourceVersion "1"]
[SourceVersionDate "2018.06.28"]
[SourceQuality "1"]
[WhiteTeam "Greece"]
[BlackTeam "Greece"]
[WhiteTeamCountry "GRE"]
[BlackTeamCountry "GRE"]

1. e4 e5 2. Nf3 Nc6 3. Bb5 a6 4. Ba4 Nf6 5. d3 b5 6. Bb3 Be7 7. 0-0 0-0 8. a4 Bb7 9. Nc3 b4 10. Nd5 Nxd5 11. exd5 Nd4 12. Nxd4 exd4 13. Qg4 Bf6 14. Bd2 a5 15. f4 Ra6 16. f5 Qa8 17. Rf3 Bxd5 18. Rh3 Bxb3 19. Qh5 Re8 20. Qxh7+ Kf8 21. cxb3 Ke7 22. Qh5 Qd5 23. Re1+ Kd8 24. Rxe8+ Kxe8 25. Bf4 d6 26. Qe2+ Kd7 27. Rh8 Ra8 28. Rxa8 Qxa8 29. Qe4 Qxe4 30. dxe4 d3 31. Kf2 Bxb2 32. Ke1 Bc3+ 33. Kd1 Kc6 34. g4 g6 35. fxg6 fxg6 36. h4 Kd7 37. h5 gxh5 38. gxh5 Ke7 39. Bg5+ Bf6 40. Bf4 Bc3 41. Bg5+ Kf7 42. Bd8 c5 43. Bxa5 Kg7 44. Bb6 c4 45. bxc4 b3 46. h6+ Kh7 47. Kc1 b2+ 48. Kb1 d2 49. Kc2 b1Q+ 0-1

[Event "GRE-ch U20 Girls"]
[Site "Chania"]
[Date "2018.04.11"]
[Round "2"]
[White "Georgitsi, Antigoni"]
[Black "Akriva, Christina"]
[Result "1-0"]
[WhiteElo "1798"]
[BlackElo "1010"]
[PlyCount "65"]
[EventDate "2018.04.10"]
[EventType "swiss"]
[EventRounds "9"]
[EventCountry "GRE"]
[SourceTitle "CBM 184 Extra"]
[Source "ChessBase"]
[SourceDate "2018.06.28"]
[SourceVersion "1"]
[SourceVersionDate "2018.06.28"]
[SourceQuality "1"]
[WhiteTeam "Greece"]
[BlackTeam "Greece"]
[WhiteTeamCountry "GRE"]
[BlackTeamCountry "GRE"]

1. e4 e5 2. Nf3 Nc6 3. c3 Nf6 4. d4 exd4 5. e5 Nd5 6. cxd4 d6 7. Bb5 Bd7 8. 0-0 Be7 9. Re1 0-0 10. Bc4 Nb6 11. Be2 dxe5 12. dxe5 Bg4 13. Bd2 Re8 14. Nc3 Bb4 15. a3 Be7 16. Bf4 Nd7 17. Nd5 Bxf3 18. Bxf3 Bf8 19. e6 Rxe6 20. Rxe6 fxe6 21. Nxc7 Rc8 22. Nxe6 Qf6 23. Qxd7 Rb8 24. Bxb8 Qxb2 25. Rd1 Ne5 26. Bxe5 Qxe5 27. Qe8 h6 28. Qxf8+ Kh7 29. Qf4 Qxe6 30. Qe4+ Qxe4 31. Bxe4+ g6 32. Rd7+ Kh8 33. Bxg6 1-0

[Event "GRE-ch Schools Lykeia 30th"]
[Site "Peristeri"]
[Date "2018.04.02"]
[Round "8"]
[White "Georgitsi, Antigoni"]
[Black "Bardis, Harilaos Panagiotis"]
[Result "1-0"]
[WhiteElo "1828"]
[BlackElo "1802"]
[PlyCount "105"]
[EventDate "2018.04.01"]
[EventType "swiss (rapid)"]
[EventRounds "9"]
[EventCountry "GRE"]
[SourceTitle "EXT 2019"]
[Source "ChessBase"]
[SourceDate "2018.10.10"]
[SourceVersion "1"]
[SourceVersionDate "2018.10.10"]
[SourceQuality "1"]

1. c4 c5 2. Nc3 Nc6 3. g3 g6 4. Bg2 Bg7 5. d3 e6 6. e4 Nge7 7. Nge2 0-0 8. 0-0 d6 9. a3 Bd7 10. Rb1 Nd4 11. b4 Bc6 12. Nxd4 Bxd4 13. Ne2 Bg7 14. Bb2 e5 15. f4 cxb4 16. axb4 f5 17. b5 Bd7 18. d4 Qb6 19. Kh1 Be6 20. Rc1 Rac8 21. dxe5 dxe5 22. exf5 Nxf5 23. fxe5 Bxc4 24. Rxc4 Rxc4 25. Qd5+ Kh8 26. Qxc4 Rd8 27. Rc1 Qf2 28. Qc7 Rf8 29. Qc4 Ne3 30. Qe4 Qxe2 31. Bd4 Qxg2+ 32. Qxg2 Nxg2 33. Kxg2 a6 34. bxa6 bxa6 35. Rc5 Re8 36. Ra5 Re6 37. Kf3 Kg8 38. Ke4 Bf8 39. Rd5 Kf7 40. Rd7+ Be7 41. Ra7 g5 42. Bc5 Kf8 43. Bxe7+ Rxe7 44. Rxa6 Kf7 45. Kf5 h6 46. Rxh6 Re8 47. Rh7+ Kg8 48. Rb7 Kh8 49. e6 g4 50. e7 Rg8 51. Rd7 Kh7 52. e8Q+ Kh6 53. Qxg8 1-0

[Event "GRE-ch Schools Lykeia 30th"]
[Site "Peristeri"]
[Date "2018.04.01"]
[Round "4"]
[White "Georgitsi, Antigoni"]
[Black "Michalis, Christos Panagiotis"]
[Result "1-0"]
[WhiteElo "1828"]
[BlackElo "1521"]
[PlyCount "73"]
[EventDate "2018.04.01"]
[EventType "swiss (rapid)"]
[EventRounds "9"]
[EventCountry "GRE"]
[SourceTitle "EXT 2019"]
[Source "ChessBase"]
[SourceDate "2018.10.10"]
[SourceVersion "1"]
[SourceVersionDate "2018.10.10"]
[SourceQuality "1"]

1. c4 c5 2. Nc3 Nc6 3. g3 g6 4. Bg2 Bg7 5. d3 e6 6. e4 Nge7 7. Nge2 0-0 8. 0-0 a6 9. Be3 Nd4 10. Rb1 Nec6 11. f4 b6 12. a3 Bb7 13. b4 Nxe2+ 14. Nxe2 cxb4 15. axb4 b5 16. c5 a5 17. bxa5 b4 18. d4 Rxa5 19. d5 exd5 20. exd5 Ne7 21. Rxb4 Nf5 22. Bf2 Ba6 23. Rb1 Re8 24. Re1 Ne3 25. Qd2 Nc4 26. Qb4 Na3 27. Nd4 Nxb1 28. Rxe8+ Qxe8 29. Qxa5 Bd3 30. c6 dxc6 31. dxc6 Bxd4 32. Bxd4 Na3 33. Qe5 Qxe5 34. Bxe5 Ba6 35. c7 f5 36. Bd5+ Kf8 37. Be6 1-0

[Event "GRE-chT Schools Lykeia 16th"]
[Site "Peristeri"]
[Date "2018.03.31"]
[Round "6.4"]
[White "Georgitsi, Antigoni"]
[Black "Tsolakidou, Stavroula"]
[Result "0-1"]
[WhiteElo "1828"]
[BlackElo "2430"]
[PlyCount "42"]
[EventDate "2018.03.31"]
[EventType "team-swiss (rapid)"]
[EventRounds "6"]
[EventCountry "GRE"]
[SourceTitle "EXT 2019"]
[Source "ChessBase"]
[SourceDate "2018.10.10"]
[SourceVersion "1"]
[SourceVersionDate "2018.10.10"]
[SourceQuality "1"]

1. c4 e5 2. g3 Nc6 3. Bg2 Bc5 4. Nc3 a6 5. d3 d6 6. Nf3 f5 7. 0-0 Nf6 8. a3 0-0 9. e3 Ba7 10. b4 Qe8 11. Ne2 e4 12. Nfd4 Ne5 13. dxe4 fxe4 14. Nc3 Bg4 15. Qc2 Bxd4 16. exd4 Nf3+ 17. Kh1 Qh5 18. h4 Nxh4 19. gxh4 Qxh4+ 20. Kg1 Bf3 21. Bxf3 exf3 0-1

[Event "GRE-ch (Women) 40th"]
[Site "Thessaloniki"]
[Date "2018.01.08"]
[Round "7"]
[White "Nikolaidou, Eleni"]
[Black "Georgitsi, Antigoni"]
[Result "1-0"]
[WhiteElo "1734"]
[BlackElo "1804"]
[PlyCount "125"]
[EventDate "2018.01.02"]
[EventType "tourn"]
[EventRounds "9"]
[EventCountry "GRE"]
[SourceTitle "CBM 182 Extra"]
[Source "ChessBase"]
[SourceDate "2018.02.23"]
[SourceVersion "1"]
[SourceVersionDate "2018.02.23"]
[SourceQuality "1"]

1. d4 Nf6 2. Nf3 e6 3. Bf4 c5 4. e3 Nc6 5. c3 d5 6. Bd3 Bd6 7. Bxd6 Qxd6 8. Nbd2 0-0 9. 0-0 e5 10. dxe5 Nxe5 11. Nxe5 Qxe5 12. Qf3 Bg4 13. Qg3 Qxg3 14. hxg3 Rad8 15. f3 Bc8 16. Kf2 Ne4+ 17. Bxe4 dxe4 18. Rfd1 exf3 19. gxf3 f5 20. Nc4 Be6 21. Nd6 Rd7 22. e4 fxe4 23. Nxe4 Rxd1 24. Rxd1 Bg4 25. Rd3 b6 26. b3 Bf5 27. Ke3 Re8 28. Rd5 Be6 29. Re5 Bf7 30. Rxe8+ Bxe8 31. Nd6 Bd7 32. f4 Kf8 33. Ke4 Ke7 34. Ke5 g6 35. a3 Be6 36. b4 cxb4 37. cxb4 Bd7 38. Ne4 Be6 39. Ng5 Bg8 40. Ne4 Be6 41. Ng5 Bg8 42. g4 h6 43. Nf3 Bb3 44. Nh4 Bd1 45. g5 hxg5 46. fxg5 Bc2 47. Nf3 Ba4 48. Nd4 a6 49. Ne6 Be8 50. Nc7 Bc6 51. Nxa6 b5 52. Nc5 Bf3 53. a4 bxa4 54. Nxa4 Kd7 55. Kf6 Bh5 56. Nc5+ Kc6 57. Ne6 Kb5 58. Nf4 Bd1 59. Nxg6 Kxb4 60. Ne7 Kc5 61. g6 Bb3 62. Nf5 Kc6 63. Nd4+ 1-0

[Event "GRE-ch (Women) 40th"]
[Site "Thessaloniki"]
[Date "2018.01.02"]
[Round "1"]
[White "Georgitsi, Antigoni"]
[Black "Vozinaki, Anthi Maria"]
[Result "0-1"]
[WhiteElo "1804"]
[BlackElo "1964"]
[PlyCount "74"]
[EventDate "2018.01.02"]
[EventType "tourn"]
[EventRounds "9"]
[EventCountry "GRE"]
[SourceTitle "CBM 182 Extra"]
[Source "ChessBase"]
[SourceDate "2018.02.23"]
[SourceVersion "1"]
[SourceVersionDate "2018.02.23"]
[SourceQuality "1"]

1. e4 c5 2. Nf3 Nc6 3. d4 cxd4 4. Nxd4 e5 5. Nb5 d6 6. c4 Be7 7. N1c3 a6 8. Na3 f5 9. exf5 Bxf5 10. Bd3 Be6 11. Nc2 Nf6 12. 0-0 0-0 13. Nd5 Rc8 14. Be3 Qe8 15. f3 Qf7 16. Be4 Na5 17. Nb6 Rcd8 18. b3 d5 19. cxd5 Nxd5 20. Nxd5 Bxd5 21. Qe2 Bxe4 22. fxe4 Qg6 23. Bd2 Nc6 24. Rxf8+ Bxf8 25. Bc3 Kh8 26. Rf1 Bc5+ 27. Kh1 h6 28. h3 Nd4 29. Qc4 Bb6 30. Bxd4 exd4 31. Qd3 Qd6 32. g3 Rc8 33. Rf5 Rc3 34. Qf1 Rxg3 35. Rd5 Qg6 36. Rf5 d3 37. Rf8+ Kh7 0-1

[Event "GRE-ch U16 Girls"]
[Site "Achaia"]
[Date "2017.06.27"]
[Round "3"]
[White "Fragou, Maria V"]
[Black "Georgitsi, Antigoni"]
[Result "1/2-1/2"]
[WhiteElo "1395"]
[BlackElo "1728"]
[PlyCount "134"]
[EventDate "2017.06.26"]
[EventType "swiss"]
[EventRounds "9"]
[EventCountry "GRE"]
[SourceTitle "CBM 179 Extra"]
[Source "ChessBase"]
[SourceDate "2017.08.23"]
[SourceVersion "1"]
[SourceVersionDate "2017.08.23"]
[SourceQuality "1"]

1. e4 e5 2. Nf3 Nc6 3. Bc4 Nf6 4. d3 h6 5. c3 d6 6. h3 g6 7. Be3 Bg7 8. Bb3 0-0 9. 0-0 d5 10. exd5 Nxd5 11. Bxd5 Qxd5 12. Qd2 Kh7 13. Kh2 Bf5 14. Rd1 Rad8 15. Ne1 Be6 16. Qe2 f5 17. f3 f4 18. Bf2 Rf5 19. Nd2 Rh5 20. Ne4 b6 21. Qf1 Bf5 22. Nc2 Rf8 23. Be1 Bc8 24. Nf2 Rhf5 25. Ne4 R5f7 26. Kg1 Qd8 27. Kf2 Qh4+ 28. Ke2 Qd8 29. Rd2 Ne7 30. Bf2 Nf5 31. Re1 Rd7 32. Kd1 c5 33. Kc1 Ba6 34. Red1 Qc7 35. Qe1 Rfd8 36. c4 Bb7 37. Qe2 a6 38. Na3 Nd4 39. Bxd4 Rxd4 40. Nc2 R4d7 41. Na3 Qc6 42. Nc3 Qe6 43. Kb1 Bc6 44. Ne4 Qe7 45. Nc3 Rb8 46. Ne4 Ra8 47. Nc3 Rda7 48. b3 Bh8 49. Qf2 Qg7 50. Ne4 Rd7 51. Qh4 Kg8 52. Qf2 Rad8 53. Kc2 Rd4 54. Kb1 Qe7 55. Nc2 R4d7 56. Kc1 a5 57. a4 Bxe4 58. dxe4 Bf6 59. Rxd7 Rxd7 60. Rxd7 Qxd7 61. Qd2 Qxd2+ 62. Kxd2 h5 63. Na3 g5 64. Nb5 Kg7 65. Nd6 Kg6 66. Nf5 g4 67. Ke2 gxh3 1/2-1/2

[Event "Nikaia op 24th"]
[Site "Nikaia"]
[Date "2016.08.25"]
[Round "1"]
[White "Georgitsi, Antigoni"]
[Black "Kourkoulos Arditis, Stamatis"]
[Result "0-1"]
[WhiteElo "1677"]
[BlackElo "2372"]
[PlyCount "74"]
[EventDate "2016.08.25"]
[EventType "swiss"]
[EventRounds "9"]
[EventCountry "GRE"]
[SourceTitle "CBM 174 Extra"]
[Source "ChessBase"]
[SourceDate "2016.10.10"]
[SourceVersion "1"]
[SourceVersionDate "2016.10.10"]
[SourceQuality "1"]

1. e4 g6 2. d4 Bg7 3. Nc3 d6 4. Be3 a6 5. Be2 b5 6. a3 Bb7 7. Qd2 Nd7 8. h4 h5 9. f3 c5 10. Nh3 Rc8 11. Ng5 e6 12. 0-0 Ngf6 13. Rad1 0-0 14. dxc5 dxc5 15. Qd6 Re8 16. Qg3 b4 17. Nb1 Qe7 18. Nd2 Nd5 19. Nc4 Nxe3 20. Nxe3 Nb6 21. Rd6 Qc7 22. e5 bxa3 23. bxa3 c4 24. Kh1 Qc5 25. Rxb6 Qxb6 26. Nxc4 Qd4 27. Nxf7 Rxc4 28. Qxg6 Qxh4+ 29. Kg1 Rc7 30. Ng5 Qd4+ 31. Kh1 Rce7 32. Rd1 Qxe5 33. Rd7 Qf6 34. Qh7+ Kf8 35. Qxh5 Qh6 36. Nxe6+ Rxe6 37. Rf7+ Kg8 0-1

[Event "Aegean op 39th"]
[Site "Aghios Kirykos"]
[Date "2016.07.16"]
[Round "8"]
[White "Dorfanis, Ilarion"]
[Black "Georgitsi, Antigoni"]
[Result "1-0"]
[WhiteElo "2121"]
[BlackElo "1677"]
[PlyCount "65"]
[EventDate "2016.07.11"]
[EventType "swiss"]
[EventRounds "9"]
[EventCountry "GRE"]
[SourceTitle "EXT 2017"]
[Source "ChessBase"]
[SourceDate "2016.10.25"]
[SourceVersion "1"]
[SourceVersionDate "2016.10.25"]
[SourceQuality "1"]

1. c4 Nf6 2. Nc3 e6 3. e4 d5 4. e5 Nfd7 5. cxd5 Nxe5 6. d4 Ng6 7. dxe6 Bxe6 8. d5 Bd7 9. Nf3 Bc5 10. Be2 0-0 11. 0-0 Re8 12. Ng5 Bb6 13. Bd3 h6 14. Nge4 c6 15. Nd6 Bg4 16. Qxg4 Qxd6 17. Ne4 Qxd5 18. Nf6+ gxf6 19. Bxg6 Qd4 20. Bxf7+ Kxf7 21. Qh5+ Ke7 22. Re1+ Kd6 23. Qxe8 Qxf2+ 24. Kh1 Nd7 25. Bf4+ Qxf4 26. Rad1+ Bd4 27. Qxa8 Ne5 28. Qd8+ Kc5 29. Qe7+ Kd5 30. b4 b6 31. Qd8+ Kc4 32. Rxd4+ Qxd4 33. Rc1+ 1-0